02251nam a2200301uu 4500001000800000005001700008007001000025008004100035035001200076040001300088041000800101082000800109100004600117245031000163260004300473300001300516520096800529650003501497650002301532650002401555650003601579650003201615650002801647650003901675650003701714700004501751500015301796100594520260507073511.0co|||||||061121e20061121 spa  a1005945 ccomduadb aspa 4a37110aJaramillo Sánchez, John Jairo4auteaut14aLos juegos de abstraccion como herramienta metodologica que permite construir una relacion entre espacialidad geometrica y espacialidad teatral en la enseñanza-aprendizaje de las matematicas desde un enfoque artistico con estudiantes entre los 10 a 14 años de la escuela de artes Fundacion de la Barca aMedellín :b[sin publicador],c2006. a1 CD-ROM3 a"Los juegos de abstracción son una propuesta piloto que desde el teatro como herramienta metodológica pretende encontrar una manera de enseñar los conceptos de geometría espacial a partir de la herramienta mas utilizada en el teatro "la lúdica" para ello se hace una indagación en monografías, libros y páginas de internet con el fin de descubrir otras propuestas que de este tipo se estén desarrollando no solo en la ciudad sino en otras latitudes. En este proyecto se encuentra una propuesta apoyada en unas líneas pedagógicas, teatrales y matemáticas que pretenden hacer del teatro una rama interdisciplinar desde la cual se pueden desarrollar otras propuestas que vyan de acuerdo con lo planteado en los lineamientos curriculares de la educación artística. También se encuentran una serie de juegos por medio de los cuales se pretende llevar a cabo esta idea, así como los modelos y parámetros de evaluación para el mismo." 7aTeatro en la educación2lemb aTeatro y pedagogia aPedagogía teatral aArtes escénicas y educación 7aDesarrollo cognitivo2embne aLúdica en educación 7aAprendizaje de las matemáticas2 7aMatemáticasxEnseñanza2lemb10aParra Díaz, Aníbal Ignacio4thseths aTesis (Licenciatura en Educación Básica con Énfasis Artístico y Cultural : Música). Universidad de Antioquia - Título del grado otorgado